Tunisia's economic reforms advance. IMF approves fourth year of support under extended arrangement.

MMF predĺžil pôsobenie dohody o pomoci Tunisku z r. 1988 o ďalší rok. Fakty o prebiehajúcej hospodárskej reforme v Tunisku a jej výsledkoch, ktoré viedli k tomuto mimoriadnemu kroku MMF.

Gespeichert in:
Bibliographische Detailangaben
Format: Buchkapitel
Sprache:Englisch
Schlagworte:
Tags: Tag hinzufügen
Keine Tags, Fügen Sie das erste Tag hinzu!

MARC

LEADER 00000naa a2200000 4500
001 r006108
005 20221213084205.0
041 0 |a eng 
044 |a US 
245 1 0 |a Tunisia's economic reforms advance.  |b IMF approves fourth year of support under extended arrangement. 
520 |a MMF predĺžil pôsobenie dohody o pomoci Tunisku z r. 1988 o ďalší rok. Fakty o prebiehajúcej hospodárskej reforme v Tunisku a jej výsledkoch, ktoré viedli k tomuto mimoriadnemu kroku MMF. 
610 2 0 |a reformy hospodárske 
610 2 0 |a Tunisko 
610 2 0 |a pomoc finančná 
610 2 0 |a Medzinárodný menový fond 
610 2 0 |a 1988-1989